00913nam a22002177a 4500003000500000005001700005008004100022010001000063011001000073035001000083040000900093100003200102245025500134260003700389300002200426502009800448650004500546650003100591650003000622650004300652CHAP20220329133910.0971013s1982 mx a r 00010 spa d a12439 a13411 a17482 cCHAP00aCarrizales Espinosa, Isaac.10aAdaptación y rendimiento de 5 variedades comerciales de cártamo (Carthamus tinctorius L.) con y sin efecto de fertilización en el ejido La Reforma Municipio de Mante, Tamps. en el ciclo otoño-invierno 1979-1980c/por Isaac Carrizales Espinosa aMarín, N.L. :bEl autor,c1982 a50 h. :bgráfs. aTesis (Ing. Agr. Fitotecnista) -- Universidad Autónoma de Nuevo León. Fac. de Agronomía14aAzafrancilloxEfecto del medio ambiente.14aAzafrancilloxRendimiento.14aAzafrancilloxVariedades.14aFertilizantesxEfecto en azafrancillo.